Advanced language practice with key : (Record no. 1446)
[ view plain ]
| 000 -LEADER | |
|---|---|
| fixed length control field | 00980nac a22002895i 4500 |
| 003 - CONTROL NUMBER IDENTIFIER | |
| control field | EG-ScBUE |
| 005 - DATE AND TIME OF LATEST TRANSACTION | |
| control field | 20191201121728.0 |
| 008 - FIXED-LENGTH DATA ELEMENTS--GENERAL INFORMATION | |
| fixed length control field | 130826s2003 enka f 001 0 eng d |
| 020 ## - INTERNATIONAL STANDARD BOOK NUMBER | |
| International Standard Book Number | 1405007621 |
| 020 ## - INTERNATIONAL STANDARD BOOK NUMBER | |
| International Standard Book Number | 9781405007627 |
| 040 ## - CATALOGING SOURCE | |
| Original cataloging agency | EG-ScBUE |
| Language of cataloging | eng |
| Description conventions | rda |
| Transcribing agency | EG-ScBUE |
| Modifying agency | EG-ScBUE |
| 082 04 - DEWEY DECIMAL CLASSIFICATION NUMBER | |
| Classification number | 428.24 |
| Item number | VIN |
| Edition number | 22 |
| 100 1# - MAIN ENTRY--PERSONAL NAME | |
| Personal name | Vince, Michael, |
| Relator term | author. |
| 9 (RLIN) | 33492 |
| 245 10 - TITLE STATEMENT | |
| Title | Advanced language practice with key : |
| Remainder of title | English grammar and vocabulary / |
| Statement of responsibility, etc | Michael Vince, Peter Sunderland. |
| 264 #1 - PUBLICATION, DISTRIBUTION, ETC. (IMPRINT) | |
| Place of publication, distribution, etc | Oxford : |
| Name of publisher, distributor, etc | Macmillan Education, |
| Date of publication, distribution, etc | 2003. |
| 300 ## - PHYSICAL DESCRIPTION | |
| Extent | viii, 326 pages : |
| Other physical details | illustrations ; |
| Dimensions | 28 cm |
| 336 ## - CONTENT TYPE | |
| Source | rdacontent |
| Content type term | text |
| Content type code | txt |
| 337 ## - MEDIA TYPE | |
| Source | rdamedia |
| Media type term | unmediated |
| Media type code | n |
| 338 ## - CARRIER TYPE | |
| Source | rdacarrier |
| Carrier type term | volume |
| Carrier type code | nc |
| 500 ## - GENERAL NOTE | |
| General note | Includes index. |
| 590 ## - LOCAL NOTE (RLIN) | |
| Local note | reham |
| 650 #7 - SUBJECT ADDED ENTRY--TOPICAL TERM | |
| Topical term or geographic name as entry element | English language |
| General subdivision | Grammar |
| -- | Problems, exercises, etc. |
| Source of heading or term | BUEsh |
| 9 (RLIN) | 33494 |
| 653 ## - INDEX TERM--UNCONTROLLED | |
| Resource For college | Humanities: English |
| Arrived date list | June2019 |
| 655 ## - INDEX TERM--GENRE/FORM | |
| Form subdivision | Reading book |
| 700 ## - ADDED ENTRY--PERSONAL NAME | |
| Personal name | Sunderland , Peter, |
| Relator term | author. |
| 9 (RLIN) | 28409 |
| 942 ## - ADDED ENTRY ELEMENTS (KOHA) | |
| Source of classification or shelving scheme | Dewey Decimal Classification |
| Koha item type | Book - Borrowing |
| Withdrawn status | Lost status | Source of classification or shelving scheme | Damaged status | Not for loan | Home library | Current library | Shelving location | Date acquired | Cost, normal purchase price | Total Checkouts | Total Renewals | Full call number | Barcode | Date last seen | Date checked out | Cost, replacement price | Koha item type | Source of acquisition | Price effective from | Collection code |
|---|---|---|---|---|---|---|---|---|---|---|---|---|---|---|---|---|---|---|---|---|
| Dewey Decimal Classification | Central Library | Central Library | Second Floor | 06/09/2011 | 75.00 | 3 | 2 | 428.24 VIN | 000002981 | 15/07/2025 | 20/08/2014 | 93.75 | Book - Borrowing | |||||||
| Dewey Decimal Classification | Central Library | Central Library | Second Floor | 06/09/2011 | 75.00 | 2 | 14 | 428.24 VIN | 000002980 | 15/07/2025 | 09/06/2011 | 93.75 | Book - Borrowing | |||||||
| Dewey Decimal Classification | Central Library | Central Library | Second Floor | 06/09/2011 | 75.00 | 4 | 428.24 VIN | 000002979 | 15/07/2025 | 19/06/2018 | 93.75 | Book - Borrowing | ||||||||
| Dewey Decimal Classification | Central Library | Central Library | Second Floor | 06/09/2011 | 75.00 | 3 | 428.24 VIN | 000002978 | 15/07/2025 | 01/02/2012 | 93.75 | NB - Book (Non borrowing) | ||||||||
| Dewey Decimal Classification | Central Library | Central Library | Second Floor | 13/06/2019 | 428.24 VIN | 000044676 | 15/07/2025 | Book - Borrowing | Donation | 13/06/2019 | ||||||||||
| Dewey Decimal Classification | Central Library | Central Library | Second Floor | 31/08/2020 | 428.24 VIN | 000049605 | 15/07/2025 | Book - Borrowing | Purchase | 31/08/2020 | unknown |